The noble scholar, jurist, historian


 His Excellency Dr. Abdul Wahhab bin Ibrahim Abu Sulaiman, may Allah have mercy on him.


 He was born in Umm Al-Qura in the year 1356 AH.

عنوان العنوان بتجريد أسماء الشيوخ وبعض التلامذة والأقران / (Record no. 5710)

MARC details
000 -LEADER
fixed length control field 01195cam a22002771i 4500
003 - CONTROL NUMBER IDENTIFIER
control field SA-RiAUC
005 - DATE AND TIME OF LATEST TRANSACTION
control field 20250208051159.0
008 - FIXED-LENGTH DATA ELEMENTS--GENERAL INFORMATION
fixed length control field 250206s2002 le g 000 0cara c
020 ## - INTERNATIONAL STANDARD BOOK NUMBER
International Standard Book Number 9953270694
040 ## - CATALOGING SOURCE
Original cataloging agency IMAM
Language of cataloging ara
Transcribing agency SA-RiAUC
Description conventions rda
082 04 - DEWEY DECIMAL CLASSIFICATION NUMBER
Classification number 922.1
090 ## - LOCALLY ASSIGNED LC-TYPE CALL NUMBER (OCLC); LOCAL CALL NUMBER (RLIN)
Classification number (OCLC) (R) ; Classification number, CALL (RLIN) (NR) 922.1
Local cutter number (OCLC) ; Book number/undivided call number, CALL (RLIN) ب ق ا
100 1# - MAIN ENTRY--PERSONAL NAME
Personal name البقاعي، إبراهيم بن عمر بن حسن،
Dates associated with a name 809-885 هجري
Relator term مؤلف.
245 10 - TITLE STATEMENT
Title عنوان العنوان بتجريد أسماء الشيوخ وبعض التلامذة والأقران /
Statement of responsibility, etc. أبو الحسن برهان الدين إبراهيم بن عمر بن حسن البقاعي ؛ تحقيق حسن حبشي.
250 ## - EDITION STATEMENT
Edition statement الطبعة الأولى.
264 #1 - PRODUCTION, PUBLICATION, DISTRIBUTION, MANUFACTURE, AND COPYRIGHT NOTICE
Place of production, publication, distribution, manufacture بيروت :
Name of producer, publisher, distributor, manufacturer دار الكتاب العربي،
Date of production, publication, distribution, manufacture, or copyright notice 2002
300 ## - PHYSICAL DESCRIPTION
Extent 231 صفحة ؛
Dimensions 24 سم
336 ## - CONTENT TYPE
Content type term نص
Content type code txt
Source rdacontent
Materials specified كتاب
337 ## - MEDIA TYPE
Media type term بدون وسيط
Media type code n
Source rdamedia
338 ## - CARRIER TYPE
Carrier type term مجلد
Carrier type code nc
Source rdacarrier
650 #7 - SUBJECT ADDED ENTRY--TOPICAL TERM
Topical term or geographic name entry element المسلمون
Form subdivision تراجم
Source of heading or term aucsh
700 1# - ADDED ENTRY--PERSONAL NAME
Personal name حبشي، حسن،
Dates associated with a name 1915-2005
Relator term محقق.
740 02 - ADDED ENTRY--UNCONTROLLED RELATED/ANALYTICAL TITLE
Uncontrolled related/analytical title عنوان الزمان بتراجم الشيوخ والأقران.
942 ## - ADDED ENTRY ELEMENTS (KOHA)
Source of classification or shelving scheme Dewey Decimal Classification
Koha item type Books
Suppress in OPAC No
949 ## - LOCAL PROCESSING INFORMATION (OCLC)
a SA-JeALM
d 250206
u osman123
n 1
Holdings
Withdrawn status Lost status Source of classification or shelving scheme Damaged status Not for loan Home library Current library Date acquired Total checkouts Full call number Barcode Date last seen Price effective from Koha item type
    Dewey Decimal Classification     DR AbdElwahab Library DR AbdElwahab Library 02/08/2025   922.1 ب ق ا 000009228 02/08/2025 02/08/2025 Books